LEADER 00866nam0-22003011i-450 001 990007104800403321 005 20220921150531.0 010 $a0-415-16954-2 035 $a000710480 035 $aFED01000710480 035 $a(Aleph)000710480FED01 100 $a20020709d2001----km-y0itay50------ba 101 0 $aeng 102 $aGB 105 $ay-------001yy 200 1 $a<>Political theory of global citizenship$fApril Carter 210 $aLondon$aNew York$cRoutledge$dc2001 215 $aVIII, 277 p.$d24 cm 225 1 $aRoutledge innovations in political theory 676 $a323.601$v21$zita 700 1$aCarter,$bApril$0245100 801 0$aIT$bUNINA$gRICA$2UNIMARC 901 $aBK 912 $a990007104800403321 952 $aX H 336$b43431*$fFGBC 959 $aFGBC 996 $aPolitical theory of global citizenship$9705256 997 $aUNINA LEADER 01339nam a2200337 i 4500 001 991000967799707536 005 20020507104531.0 008 960710s1967 us ||| | eng 035 $ab10155016-39ule_inst 035 $aLE00639921$9ExL 040 $aDip.to Fisica$bita 084 $a53.7.8 084 $a621.3.2.5 084 $a621.3817 084 $aTK7874 100 1 $aBurger, Robert M.$0462144 245 10$aFundamentals of silicon integrated device technology /$cedited by Robert M. Burger and R.P. Donovan 260 $aEnglewood Cliffs, N.J. :$bPrentice-Hall,$c1967-1968 300 $a2 v. (495, 480 p.) ;$c23 cm. 490 0 $aSolid state physical electronics series 500 $aVol. 1 : Oxidation, diffusion and epitaxy. 500 $aVol. 2 : Bipolar and unipolar transistors. 650 4$aMicroelectronics 700 1 $aDonovan, R.P. 907 $a.b10155016$b17-02-17$c27-06-02 912 $a991000967799707536 945 $aLE006 621.3.2 BUR$cV. 1$g1$i2006000053952$lle006$o-$pE0.00$q-$rl$s- $t0$u0$v0$w0$x0$y.i10187388$z27-06-02 945 $aLE006 621.3.2 BUR$cV. 2$g1$i2006000053969$lle006$o-$pE0.00$q-$rl$s- $t0$u0$v0$w0$x0$y.i1018739x$z27-06-02 996 $aFundamentals of silicon integrated device technology$9187181 997 $aUNISALENTO 998 $ale006$b01-01-96$cm$da $e-$feng$gus $h0$i2 LEADER 03827nam 22006735 450 001 9910743218803321 005 20251113201710.0 010 $a981-16-8549-5 010 $a981-16-8550-9 010 $a981-16-8550-9 024 7 $a10.1007/978-981-16-8550-7 035 $a(MiAaPQ)EBC6961442 035 $a(Au-PeEL)EBL6961442 035 $a(CKB)21605608700041 035 $a(PPN)262168227 035 $a(OCoLC)1312643858 035 $a(DE-He213)978-981-16-8550-7 035 $a(EXLCZ)9921605608700041 100 $a20220422d2022 u| 0 101 0 $aeng 135 $aurcnu|||||||| 181 $ctxt$2rdacontent 182 $cc$2rdamedia 183 $acr$2rdacarrier 200 10$aAdvances in Micro-Electronics, Embedded Systems and IoT $eProceedings of Sixth International Conference on Microelectronics, Electromagnetics and Telecommunications (ICMEET 2021), Volume 1 /$fedited by V. V. S. S. S. Chakravarthy, Wendy Flores-Fuentes, Vikrant Bhateja, B.N. Biswal 205 $a1st ed. 2022. 210 1$aSingapore :$cSpringer Nature Singapore :$cImprint: Springer,$d2022. 215 $a1 online resource (544 pages) 225 1 $aLecture Notes in Electrical Engineering,$x1876-1119 ;$v838 300 $aIncludes index. 311 08$aPrint version: Chakravarthy, V. V. S. S. S. Advances in Micro-Electronics, Embedded Systems and IoT Singapore : Springer,c2022 9789811685491 327 $aSynthesis of KNN Algorithm in FPGA Technology -- Study of Architecture and Performance Analysis of Approximation Multipliers -- Design and Analysis of Energy Efficient Logic Gates Using INDEP Short Gate FinFETs at 10nm Technology Node -- SIMPLE-DRR: A New Energy-Efficient Multi-hop Routing Protocol in WBANs for Health Monitoring -- Design of Class AB and Class C Amplifier -- Lightgbm Model for Credit Card Fraud Discovery -- PV System Based Switched Capacitor Dc-Dc Converter for High Voltage Gain using fuzzy-PID Controller -- Startup Circuits for Zero Current Reduction in Bandgap Reference Circuit -- Recycle of Plastic Material for Fabrication of Paver Blocks -- Handwritten Cursive English Character Recognition using DAG-CNN. 330 $aThis book discusses the latest developments and outlines future trends in the fields of microelectronics, electromagnetics and telecommunication. It contains original research works presented at the International Conference on Microelectronics, Electromagnetics and Telecommunication (ICMEET 2021), held in Bhubaneswar, Odisha, India during 27 ? 28 August 2021. The papers were written by scientists, research scholars and practitioners from leading universities, engineering colleges and R&D institutes from all over the world and share the latest breakthroughs in and promising solutions to the most important issues facing today?s society. 410 0$aLecture Notes in Electrical Engineering,$x1876-1119 ;$v838 606 $aElectronic circuits 606 $aElectronics 606 $aEmbedded computer systems 606 $aInternet of things 606 $aElectronic Circuits and Systems 606 $aElectronics and Microelectronics, Instrumentation 606 $aEmbedded Systems 606 $aInternet of Things 615 0$aElectronic circuits. 615 0$aElectronics. 615 0$aEmbedded computer systems. 615 0$aInternet of things. 615 14$aElectronic Circuits and Systems. 615 24$aElectronics and Microelectronics, Instrumentation. 615 24$aEmbedded Systems. 615 24$aInternet of Things. 676 $a621.381 702 $aChakravarthy$b V. V. S. S. Sameer 801 0$bMiAaPQ 801 1$bMiAaPQ 801 2$bMiAaPQ 906 $aBOOK 912 $a9910743218803321 996 $aAdvances in micro-electronics, embedded systems and IoT$93559553 997 $aUNINA